वृहद विश्व सूक्ति कोश (Record no. 59728)
[ view plain ]
| 000 -LEADER | |
|---|---|
| fixed length control field | 00413nam a22001337a 4500 |
| 003 - CONTROL NUMBER IDENTIFIER | |
| control field | MACL |
| 005 - DATE AND TIME OF LATEST TRANSACTION | |
| control field | 20190515122649.0 |
| 008 - FIXED-LENGTH DATA ELEMENTS--GENERAL INFORMATION | |
| fixed length control field | 190515b xxu||||| |||| 00| 0 eng d |
| 040 ## - CATALOGING SOURCE | |
| Transcribing agency | MACL |
| 100 ## - MAIN ENTRY--PERSONAL NAME | |
| Relator code | वर्मा श्याम बहादुर , वर्मा मधु |
| 245 ## - TITLE STATEMENT | |
| Title | वृहद विश्व सूक्ति कोश |
| 630 ## - SUBJECT ADDED ENTRY--UNIFORM TITLE | |
| Language of a work | कोश |
| 9 (RLIN) | 74826 |
| 942 ## - ADDED ENTRY ELEMENTS (KOHA) | |
| Source of classification or shelving scheme | |
| Koha item type | Hindi Books |
| Withdrawn status | Lost status | Source of classification or shelving scheme | Materials specified (bound volume or other part) | Damaged status | Not for loan | Home library | Current library | Date acquired | Cost, normal purchase price | Total Checkouts | Full call number | Barcode | Date last seen | Price effective from | Koha item type |
|---|---|---|---|---|---|---|---|---|---|---|---|---|---|---|---|
| Vol -l | MACL | MACL | 15/05/2019 | 800.00 | 403 | CRH032751 | 15/05/2019 | 15/05/2019 | Hindi Books | ||||||
| Vol -l | MACL | MACL | 15/05/2019 | 800.00 | 403 | CRH032753 | 15/05/2019 | 15/05/2019 | Hindi Books |









